Classifica Marcatori Bundesliga 2014-2015 - Statistics

Statistiche generali
  • Questo quiz è stato fatto 3 volte
  • Il punteggio medio è 8 su 13
Statistiche sulle risposte
Gol Nazione Calciatore Squadra % Corretto
17 Paesi Bassi BArjen Robben Bayern Monaco
100%
16 Gabon Pierre-Emerick Aubameyang Borussia Dortmund
100%
17 Polonia Robert Lewandowski Bayern Monaco
100%
11 Corea del Sud Son Heung-Min Bayer Leverkusen
100%
16 Paesi Bassi Bas Dost Wolfsburg
67%
12 Brasile Raffael Borussia M'gladbach
67%
12 Giappone Shinji Okazaki Mainz
67%
13 Germania Thomas Müller Bayern Monaco
67%
19 Germania Alexander Meier E. Francoforte
33%
13 Argentina Franco Di Santo Werder Brema
33%
11 Germania Patrick Herrmann Borussia M'gladbach
33%
12 Germania Karim Bellarabi Bayer Leverkusen
0%
11 Germania Max Kruse Borussia M'gladbach
0%
Nessun quiz corrispondente trovato
Distribuzione punteggi
Percentuale di utenti per punteggio
Percentile per numero di risposta
I tuoi punteggi nel tempo
Non hai fatto questo quiz